| 000 | 00623cam a22002171 4500 | ||
|---|---|---|---|
| 001 | ne 64002321 | ||
| 003 | DLC | ||
| 005 | 20260227111804.0 | ||
| 008 | 820106s1963 le b 000 0barar | ||
| 010 | _ane 64002321 | ||
| 035 | _a(OCoLC)8043440 | ||
| 040 |
_aDLC _cTU _dTU _dDLC |
||
| 042 | _apremarc | ||
| 050 | 0 | 0 |
_aDP402.S44 _bM8 |
| 100 | 1 | _aMarʻashlī, Nadīm. | |
| 245 | 1 | 3 |
_aal-Muʻtamid ibn ʻAbbād _c[taʼlīf] Nadīm Marʻashlī. |
| 260 |
_aBayrūt, _bDār al-Kitāb al-ʻArabī _c[1963] |
||
| 300 |
_a159 p. _c21 cm. |
||
| 504 | _aBibliography: p. 159. | ||
| 600 | 0 | 0 |
_aMuʻtamid, _cKing of Seville, _d1039-1095. |
| 999 |
_c47399 _d47399 |
||